000 00366nam a2200133Ia 4500
008 230917s9999||||xx |||||||||||||| ||und||
040 _e93263
_aMAIN
041 _aEnglish
082 _a617.7 K127E
100 _aKalra, Suresh Chander
245 0 _aEffect of antiprostaglandies and steroids on macular oedema after cataract surgery
300 _a99 p.
942 _cTH
999 _c49600
_d49600